|
|
|
|
| LEADER |
01731cas a2200241 a 4500 |
| 001 |
AALejournalIMF002421 |
| 008 |
230101c9999 xx r poo 0 0eng d |
| 020 |
|
|
|c 5.00 USD
|
| 020 |
|
|
|z 9781451853360
|
| 022 |
|
|
|a 1018-5941
|
| 040 |
|
|
|a BD-DhAAL
|c BD-DhAAL
|
| 100 |
1 |
|
|a Tokarick, Stephen.
|
| 245 |
1 |
0 |
|a Measuring the Impact of Distortions in Agricultural Trade in Partial and General Equilibrium /
|c Stephen Tokarick.
|
| 264 |
|
1 |
|a Washington, D.C. :
|b International Monetary Fund,
|c 2003.
|
| 300 |
|
|
|a 1 online resource (45 pages)
|
| 490 |
1 |
|
|a IMF Working Papers
|
| 500 |
|
|
|a <strong>Off-Campus Access:</strong> No User ID or Password Required
|
| 500 |
|
|
|a <strong>On-Campus Access:</strong> No User ID or Password Required
|
| 506 |
|
|
|a Electronic access restricted to authorized BRAC University faculty, staff and students
|
| 520 |
3 |
|
|a This paper provides quantitative estimates of the impact of removing agricultural support (both tariffs and subsidies) in partial- and general-equilibrium frameworks. The results show that agricultural support in industrial countries is highly distortionary and tariffs have a larger distortionary impact than subsidies. Removal of agricultural support would likely raise the international prices of food, resulting in an increase in the cost of food for many net-food- importing countries, although the increase is generally small. The results also show that most of the benefits from removing agricultural support accrue to the countries that liberalize.
|
| 538 |
|
|
|a Mode of access: Internet
|
| 830 |
|
0 |
|a IMF Working Papers; Working Paper ;
|v No. 2003/110
|
| 856 |
4 |
0 |
|z Full text available on IMF
|u http://elibrary.imf.org/view/journals/001/2003/110/001.2003.issue-110-en.xml
|z IMF e-Library
|